| 000 | 02518nam a22002537a 4500 | ||
|---|---|---|---|
| 005 | 20260123091828.0 | ||
| 008 | 260123b |||||||| |||| 00| 0 eng d | ||
| 020 | _a9789364441353 | ||
| 040 | _cAL | ||
| 041 | _aEnglish | ||
| 082 |
_a320.954 _bLAXG |
||
| 100 |
_aM Laxmikanth _9252296 |
||
| 245 |
_aGovernance in India _b: for civil services and state services examinations |
||
| 250 | _a4. | ||
| 260 |
_aChennai _bMcgraw Hill Education (India) Private Limited _c2026 |
||
| 300 |
_axxvi,436p. _bPB _c24x18 cm. |
||
| 365 |
_aBOM5-7455949 _b₹450.45 _c₹ _d₹474.00 _f14-01-2026 |
||
| 520 |
_aThe fourth edition of Governance by M Laxmikanth comes with a massive content overhaul. Thoroughly revised and restructured, the book is now closely aligned with the evolving trends of Examinations.
The edition introduces new chapters on Concept of Civil Service, Administrative Reforms and Civil Services Reforms, along with the latest developments in Indian Government Schemes. To solidify the concept of Governance, its issues, policies and to address the present challenges and developmental bottlenecks, this resource is further enriched with a consolidated document on initiatives of Indian Government on our digital platform, updated practice questions for Preliminary and Mains Examination and 12+ years of topic-wise segregated UPSC CSE Previous Years’ Questions including 2025. _bKey Features: 1. Three new chapters on Concept of Civil Service, Administrative Reforms, Civil Service Reforms 2. Inclusion of all the recent developments in Indian governance, including key schemes, policies, acts and landmark judgements 3. Comprehensive Coverage of GS Paper II syllabus with a focus on UPSC Main and State PCS examinations 4. Updated and detailed exploration of the concepts and policies of Governance, the challenges, developmental bottlenecks and social justice initiatives. 5. Tabular and diagrammatic representation of important content for easy memorisation. 6. Fresh Practice Questions for Main and Preliminary Examination, at the end of the book, to make the aspirants exam ready. 7. 12+ years of Previous Years’ CSE Main Questions on EDGE, including 2025. 8. Knowledge Enrichment Content covering additional initiatives of Indian Government on EDGE |
||
| 650 |
_aRights and Rights Issues _9252297 |
||
| 650 |
_aPublic Policy _9252298 |
||
| 650 |
_aPublic Administration and Government Structure _9252299 |
||
| 650 |
_aPersonnel and Financial Administration _9252300 |
||
| 942 |
_2ddc _cBK |
||
| 999 |
_c240813 _d240813 |
||